000 00393 a2200157 4500
020 _a9780241952474
082 _a813.52
090 _c7044
_d7044
100 _aSteinbeck, John
245 _aThe grapes of wrath
_cJohn Steinbeck
260 _aNew York
_bPenguin Book
_c1967
300 _a535 p.
650 _aMigrant agricultural laborers
700 _aJohn Steinbeck
942 _cBK
_k813.52 STE
999 _c10852
_d10852